Welsh-English Name Dictionary Quiz Stats

Quiz Updated Apr 8, 2013

Challenge
Share
Tweet
Embed
Score 0/53 Timer 10:00
0 Plays Today
% Correct
Alis
93.6%
Alun
93.4%
Tomos
93.3%
Trefor
93.3%
Dafydd
93.2%
Betrys
93.2%
Pedr
93.1%
Awstin
93%
Deiniol
93%
Huw
93%
Ffransis
92.9%
Andras
92.9%
Efa
92.9%
Rheinallt
92.4%
Gerallt
92.4%
Ofydd
92.2%
Catrin
92.1%
Meical
92%
Cystennin
91.8%
Lleucu
90.2%
Rhisiart
89.6%
Fflur
89.4%
Crystin
88.7%
Neifion
87.5%
Steffan
87.2%
Mair
86.4%
Macsen
84.9%
% Correct
Elen
83.6%
Gwilym
82.3%
Gwallter
81.1%
Lowri
80.3%
Sawyl
78.4%
Meurig
76.8%
Iestyn
75.1%
Cefin
71%
Mallt
71%
Maldwyn
70.8%
Drystan
66.3%
Ilar
63.1%
Emrys
60.6%
Ercwlff
59.5%
Esyllt
56.7%
Mererid
55.6%
Siarl
54.3%
Sieffre
54.2%
Siân
50.6%
Folant
41.7%
Gwythyr
39.7%
Sioned
37.9%
Siôr
37.4%
Ifan
35.1%
Siwan
20.4%
Ffraid
20.3%

You're not logged in!

Compare scores with friends on all Sporcle quizzes.
Sign Up with Email
OR
Log In

You Might Also Like...

Show Comments

Extras

Top Quizzes Today


Score Distribution

Your Account Isn't Verified!

In order to create a playlist on Sporcle, you need to verify the email address you used during registration. Go to your Sporcle Settings to finish the process.